00949nam a2200253Ia 4500001000900000003000500009005001700014008004100031020001800072040000900090082001300099100004700112245015800159260003500317300001100352500000800363650010100371901001300472902000600485905006300491942001500554999001900569952010700588dia_3600CHAP20251021145443.0220601s9999 xx 000 0 und d a958-80-1787-4 cCHAP a370.2 M3 aMalagón Malagón, Felix Antonio9175853 aPlanificación institucional en la educación, un reto estrategico de cambio para los gerentes educativos innovadores/Felix Antonio Malagón Malagón aBogota, Colombia: Panamericana a284 p. aC/e a1. Educación-Planificación2. Administración escolar3. Planificación educativaÌ9175854 a370.2 M3 aM a0000002003 ck 0000000000spa00 cLIBRO2ddc c209344d209344 00102ddc40708GRALaIA_bIA_c1d2022-06-01l0pdia_6072r2022-06-01 00:00:00t1w2022-06-01yLIBRO